Molecular Electronics (Record no. 14202)
[ view plain ]
| 000 -LEADER | |
|---|---|
| fixed length control field | 01019nam a2200133Ia 4500 |
| 008 - FIXED-LENGTH DATA ELEMENTS--GENERAL INFORMATION | |
| fixed length control field | 220615s9999||||xx |||||||||||||| ||und|| |
| 020 ## - INTERNATIONAL STANDARD BOOK NUMBER | |
| International Standard Book Number | 9783040000000 |
| 245 #0 - TITLE STATEMENT | |
| Title | Molecular Electronics |
| 546 ## - LANGUAGE NOTE | |
| Language note | English[eng] |
| 650 ## - SUBJECT ADDED ENTRY--TOPICAL TERM | |
| Topical term or geographic name entry element | molecular electronics||self-assembly films||Langmuir-Blodgett films||electrografting||top-contact electrode||molecular junctions||attenuation factor||density functional theory||graphene||single molecule junctions||metal/molecule interface||energy level alignment||conductance||electron transport||DFT + Σ||thermoelectricity||phonon||thermal conductance||OPE3||anchor groups||pyridyl||thiol||methyl sulphide||carbodithioate||spin polarization||magnetic chain with AAH modulation||light irradiation||single-molecule junctions||STM break-junction||in-situ isomerisation||carotenoids||azurin||solid-state junction||biomolecular electronics||electronic transport||molecular dynamics||n/a |
| 700 ## - ADDED ENTRY--PERSONAL NAME | |
| Personal name | Zotti, Linda Angela |
| 856 ## - ELECTRONIC LOCATION AND ACCESS | |
| Uniform Resource Identifier | <a href="https://mdpi.com/books/pdfview/book/4186">https://mdpi.com/books/pdfview/book/4186</a> |
| 942 ## - ADDED ENTRY ELEMENTS (KOHA) | |
| Koha item type | E-Books |
| Withdrawn status | Lost status | Damaged status | Not for loan | Home library | Current library | Date acquired | Total Checkouts | Date last seen | Price effective from | Koha item type |
|---|---|---|---|---|---|---|---|---|---|---|
| Kerala University of Digital Sciences, Innovation and Technology Knowledge Centre | Kerala University of Digital Sciences, Innovation and Technology Knowledge Centre | 15/06/2022 | 15/06/2022 | 15/06/2022 | E-Books |